000 00449nam a22001697a 4500
005 20180720105913.0
008 160526b xxu||||| |||| 00| 0 eng d
020 _a978-81-7446-570-0
041 _aeng
082 _b5222
_a658.162
100 _aVadapalli, Ravindhar
_91308
245 _aMergers, Acquisitions and Business valuation
260 _aNew Delhi
_bAcademic Faundation
_c2010
300 _a261,
650 _aManagement
_9241
942 _cBK
999 _c1833
_d1832